000 00771cai a22001815a 4500
001 L148036
008 090715u xxk g 000 0 eng d
035 _a(Sirsi) u148036
041 0 _aeng
110 2 _aEvening Standard
_95773
245 0 0 _aHomes and property
_h[electronic resource]
520 _aProvides resources, information and guidance on buying, selling, letting or renting properties in the United Kingdom and worldwide. Includes property news and experts' advice. Presents back issues of Homes and Property, a supplement to the newspaper Evening Standard.
590 _aKA
651 4 _aInternational
690 _aPROPERTY-PROPERTY MARKET
856 4 0 _uhttps://www.homesandproperty.co.uk/
_zView the website at www.homesandproperty.co.uk/...
942 _n0
999 _c120815
_d120815